000 00725nam a2200253Ia 4500
003 OSt
005 20220925215208.0
006 a|||||r|||| 00| 0
007 ta
008 220923b |||||||| |||| 00| 0 eng d
037 _cGeneral Book
040 _aRTL
_cRTL
_beng
041 _2eng
_aeng
082 _aY.6.N7, L7
100 _aGutkind Peter C W Ed.
_9116244
245 0 _aAfrican social studies
_b A radical guide
260 _aLondon
_bHeinemann
_c1977
300 _aix,481p
_ccm.
500 _aBibliography: p 423-462
650 _aSociology
700 _a Waterman Peter Ed.
942 _hY.6.N7, L7
_cGB
_2CC
999 _c568190
_d568190